Calculus for business, economics, life sciences, and social sciences / (Record no. 12900)
[ view plain ]
| 000 -LEADER | |
|---|---|
| fixed length control field | 01141cam a2200313 a 4500 |
| 001 - CONTROL NUMBER | |
| control field | 13536181 |
| 005 - DATE AND TIME OF LATEST TRANSACTION | |
| control field | 20220304122905.0 |
| 008 - FIXED-LENGTH DATA ELEMENTS--GENERAL INFORMATION | |
| fixed length control field | 040325s2005 njua 001 0 eng |
| 010 ## - LIBRARY OF CONGRESS CONTROL NUMBER | |
| LC control number | 2004044668 |
| 020 ## - INTERNATIONAL STANDARD BOOK NUMBER | |
| International Standard Book Number | 0131432613 |
| 040 ## - CATALOGING SOURCE | |
| Original cataloging agency | DLC |
| Transcribing agency | DLC |
| Modifying agency | DLC |
| 050 00 - LIBRARY OF CONGRESS CALL NUMBER | |
| Classification number | QA303.2 |
| Item number | .B285 2005 |
| 082 00 - DEWEY DECIMAL CLASSIFICATION NUMBER | |
| Classification number | 515 |
| Edition number | 22 |
| 100 1# - MAIN ENTRY--PERSONAL NAME | |
| Personal name | Barnett, Raymond A. |
| 245 10 - TITLE STATEMENT | |
| Title | Calculus for business, economics, life sciences, and social sciences / |
| Statement of responsibility, etc. | Raymond A. Barnett, Michael R. Ziegler. |
| 246 30 - VARYING FORM OF TITLE | |
| Title proper/short title | Calculus |
| 250 ## - EDITION STATEMENT | |
| Edition statement | 10th ed. / |
| Remainder of edition statement | Karl E. Byleen. |
| 260 ## - PUBLICATION, DISTRIBUTION, ETC. | |
| Place of publication, distribution, etc. | Upper Saddle River, N.J. : |
| Name of publisher, distributor, etc. | Pearson Prentice Hall, |
| Date of publication, distribution, etc. | c2005. |
| 300 ## - PHYSICAL DESCRIPTION | |
| Extent | xvi, 671, 60, 8 p. : |
| Other physical details | ill. (some col.) ; |
| Dimensions | 27 cm. |
| 500 ## - GENERAL NOTE | |
| General note | Includes indexes. |
| 650 #0 - SUBJECT ADDED ENTRY--TOPICAL TERM | |
| Topical term or geographic name entry element | Calculus. |
| 650 #0 - SUBJECT ADDED ENTRY--TOPICAL TERM | |
| Topical term or geographic name entry element | Social sciences |
| General subdivision | Mathematics. |
| 650 #0 - SUBJECT ADDED ENTRY--TOPICAL TERM | |
| Topical term or geographic name entry element | Biomathematics. |
| 700 1# - ADDED ENTRY--PERSONAL NAME | |
| Personal name | Ziegler, Michael R. |
| 700 1# - ADDED ENTRY--PERSONAL NAME | |
| Personal name | Byleen, Karl E. |
| 906 ## - LOCAL DATA ELEMENT F, LDF (RLIN) | |
| a | 7 |
| b | cbc |
| c | orignew |
| d | 1 |
| e | ocip |
| f | 20 |
| g | y-gencatlg |
| 942 ## - ADDED ENTRY ELEMENTS (KOHA) | |
| Koha item type | Books |
| Lost status | Collection code | Home library | Shelving location | Date acquired | Total Checkouts | Full call number | Barcode | Date last seen | Date last checked out | Koha item type |
|---|---|---|---|---|---|---|---|---|---|---|
| Open | UCC Main Library | 12/19/2016 | 4 | QA303.2.B26 | 30261101777011 | 11/01/2022 | 10/18/2022 | Books |